000 00482nam a2200181Ia 4500
003 LK-CoDNM
005 20240913103627.0
008 010623t1924 xxu||||| |||| 00| 1 eng d
040 _aLK-CoDNM
_dLK-CoDNM
_eLK-CoDNM
041 _aeng
080 _a14
_bC21
100 _aFoenander,S.P. Warner,P.F.
245 _aSixty years of Ceylon Cricket
260 _bThe Ceylon Advertising General Co.
_aColombo
_c1924
300 _b268p. : ill , 22 cm
650 _aSports
942 _cBK
999 _c92167
_d92167